Normal view
MARC view
Entry Personal Name
001 - CONTROL NUMBER
- control field: 556790
003 - CONTROL NUMBER IDENTIFIER
- control field: OSt
005 - DATE AND TIME OF LATEST TRANSACTION
- control field: 20220930094929.0
008 - FIXED-LENGTH DATA ELEMENTS
- fixed length control field: 220930|| aca||aabn | a|a d
040 ## - CATALOGING SOURCE
- Original cataloging agency: OSt
- Transcribing agency: OSt
100 ## - HEADING--PERSONAL NAME
- Personal name: दिल्ली विश्वविद्यालय. कला संकाय. हिंदी विभाग
670 ## - SOURCE DATA FOUND
- Source citation: Work cat.: (OSt)887982: कुशवाह, रामएकबाल, ले., मोहन राकेश तथा कमलेश्वर के कथा साहित्य में मध्यवर्गीय चेतना का तुलनात्मक अध्ययन।, 2017
